000 00307nam a2200109Ia 4500
008 171211s9999 xx 000 0 und d
245 _aLaw and Ethics for Pharmacy Technicians
245 _cJahangir Moini
260 _c2009
650 _xLANGUAGES
856 _uhttp://down.ebook777.com/053/9781428311022.pdf
999 _c349768
_d349768